Gates of time (Record no. 132136)

MARC details
000 -LEADER
fixed length control field 00352nam a2200145Ia 4500
008 - FIXED-LENGTH DATA ELEMENTS--GENERAL INFORMATION
fixed length control field 230917s9999||||xx |||||||||||||| ||und||
040 ## - CATALOGING SOURCE
-- 114290
Original cataloging agency VIVEKANANDA LIBRARY
041 ## - Language
-- English
082 ## - DDC NUMBER
Classification number 823.08 K527G
100 ## - MAIN ENTRY--PERSONAL NAME
Personal name Khare, Anand
245 #0 - TITLE STATEMENT
Title Gates of time
260 ## - PUBLICATION, DISTRIBUTION, ETC. (IMPRINT)
Place of publication, distribution, etc Hyderabad
Name of publisher, distributor, etc Seminar & Research Centre
Date of publication, distribution, etc 1994
300 ## - PHYSICAL DESCRIPTION
Pages 199 p.
942 ## - ADDED ENTRY ELEMENTS (KOHA)
Koha item type Books
Holdings
Withdrawn status Lost status Damaged status Not for loan Location (home branch) Sublocation or collection (holding branch) Date acquired Koha issues (times borrowed) Koha full call number Accession No. Koha date last seen Koha item type
        VIVEKANANDA LIBRARY VIVEKANANDA LIBRARY 04/07/2011   823.08 K527G 230981 17/09/2023 Books
© Designed and Maintained by Vivekananda Library, MDU Rohtak